| 000 | 01198nam a2200277 i 4500 | ||
|---|---|---|---|
| 001 | bg | ||
| 245 | 0 | 0 |
_aMultimedia w biznesie i edukacji : _bmultimedia w telekomunikacji, multimedia w zarządzaniu przedsiębiorstwem, gospodarka elektroniczna, prognozowanie i symulacje, zarządzanie wiedzą, multimedia w kształceniu, multimedialne technologie informacyjne / _cLeszek Kiełtyka red. nauk. |
| 260 |
_aCzęstochowa : _bWydaw. Wydziału Zarządzania Politechniki Częstochowskiej, _c2005. |
||
| 300 |
_a137 s. : _bfot., mapy, rys., wykr. ; _c25 cm. |
||
| 500 | _aTekst częśc. ang. Streszcz. ang. przy pracach. | ||
| 504 | _aBibliogr. przy pracach. | ||
| 650 | 9 |
_aInternet _xstosowanie _xgospodarka |
|
| 650 | 9 |
_aInternet _xstosowanie _xnauczanie |
|
| 650 | 9 |
_aMultimedia _xstosowanie _xgospodarka |
|
| 650 | 9 |
_aMultimedia _xstosowanie _xnauczanie |
|
| 650 | 9 | _aSystemy informatyczne zarządzania | |
| 700 | 1 |
_aKIEŁTYKA, Leszek _d(1953- ). _eRed. |
|
| 015 | _aPB 10023/2005 | ||
| 020 | _a8388469282 | ||
| 040 | _cBPK | ||
| 041 | 0 |
_apoleng _beng |
|
| 080 | _a658.1/.5.012:004.032.6:004.738.5:371.69 | ||
| 920 | _a83-88469-28-2 | ||
| 942 | _cKS | ||
| 008 | s pl f |000 0 pol | ||
| 999 |
_c51142 _d51142 |
||
| 856 |
_uhttp://koha.tu.koszalin.pl/cgi-bin/koha/opac-detail.pl?biblionumber=51142 _yKatalog online BPK |
||